La plus grande ville de France en "A" par deuxième lettre - Carte - Statistiques

Statistiques générales
  • Ce quiz a été pris 104 fois
    13 depuis la dernière actualisation
  • Le résultat moyen est 11 sur 13
Réponses sur la Carte
Les réponses sont colorées sur une échelle allant du rouge au vert en fonction du pourcentage des utilisateurs qui les ont devinées à leur premier essai. Vous pouvez retrouver ces pourcentages ci-dessous.
 
Statistiques - réponses
Population Département Ville % Correct
145 133 Bouches-du-Rhône Ai{x-en-Provence}
100%
71 361 Corse-du-Sud Aj{accio}
100%
48 902 Tarn Al{bi}
100%
155 850 Maine-et-Loire An{gers}
100%
91 143 Vaucluse Av{ignon}
100%
22 980 Somme Ab{beville}
91%
134 706 Somme Am{iens}
91%
111 038 Val d'Oise Ar{genteuil}
91%
32 602 Lot-et-Garonne Ag{en}
82%
87 143 Hauts-de-Seine As{nières-sur-Seine}
82%
88 948 Seine-Saint-Denis Au{bervilliers}
82%
21 529 Yvelines Ac{hères}
45%
35 670 Essonne At{his-Mons}
36%
Aucun quiz correspondant
Distribution des résultats
% des personnes avec chaque résultat
Percentile par nombre de réponses
Votre historique - résultats
Vous n’avez pas pris ce quiz depuis la dernière actualisation